000 00290nam a2200133Ia 4500
100 _aElwood/ Buffa
942 _cBK
654 _aManagement
245 _aModern production management
260 _bWiley Eastern University
_c2001
082 _a658.5
300 _a795
546 _aENGLISH
999 _c27288
_d27288